000 01973nam2a22002771 4500
001 RU\NLR\INFOCOMM44\1000038559
005 20250617130623.0
035 _a(NLR Aleph) 002618495
090 _a3594535
_c3594535
100 _a20040617d1967 |||y0rusy50 ca
101 0 _arus
102 _aRU
105 _ay |||||||||
200 1 _aКэтиологии кольцевидной гранулемы
_aНекоторые показатели белкового обмена и гистохимических показателей исследований у больных кольцевидной гранулемой
_fВ.И. Сяно
210 _d1967
_aБ. м.
225 1 _a...
_vТ.77
_i...
_vВып.3
461 0 _1001RU\NLR\INFOCOMM44\1000038388
_12001#$aТруды Института$fПермский гос. мед. ин-т$vТ.77
_93593399
_aПермский медицинский институт
_cПермь
_d1933-
_fПермский гос. мед. ин-т
_tТруды Института
_vТ.77
462 0 _1001RU\NLR\INFOCOMM44\1000038556
_12001#$aНаучные записки Кафедры кожных и венерических болезней$fПермский гос. мед. ин-т. Пермское отд-ние Всерос. науч. о-ва дермато-венерологов$vВып.3
_93594508
_aПермский медицинский институт. Кафедра кожных и венерических болезней
_cПермь
_d1963-1975
_fПермский гос. мед. ин-т. Пермское отд-ние Всерос. науч. о-ва дермато-венерологов
_tТруды Института. - Научные записки Кафедры кожных и венерических болезней
_vВып.3
700 1 _aСяно
_bВ.И.
_4070
801 1 _aRU
_bInfoComm
_c20040617
801 0 _aRU
_bNLR
_gPSBO
852 _aNLR
_jП16/33
942 _cISSUE
980 _aNB
980 _aRUSPER